01325nam a2200361Ii 4500001001400000003000800014008004100022006001900063007001500082035002200097040003100119020003100150020001800181050001600199082001000215100003100225245006500256264007200321300002300393336002600416337002600442338003600468347002100504347000900525504004100534588008600575650002200661650002500683655002200708776013700730830002400867856007200891DIGMAIPUE0082NyNyDIG220224s2018 ag a o 00 0 spa dm o d cr ||||||||||| a(OCoLC)1319852760 aDGITAbengerdaepncDGITA a9789874490674qeBookqePub z978987449064314aSF281 ebook04a636.11 aZlotnik, Anahí,eauthor.10aSentir caballo :bel sentir como terapia /cAnahí Zlotnik. 1aItuzaingó, Provincia de Buenos Aires :bEditorial Maipue,c[2018] a1 online resource. atextbtxt2rdacontent acomputerbc2rdamedia aonline resourcebcr2rdacarrier atext file2rdaft aEPUB aIncludes bibliographical references.0 aOnline resource; title from ePub title page (Digitalia, viewed February 24, 2022) 0aHorsesxTraining. 0aVeterinary medicine. 0aElectronic books.08iPrint version:aZlotnik, Anahí.tSentir caballo.dItuzaingó, Provincia de Buenos Aires : Editorial Maipue, [2018]z9789874490643 0aConCiencia (Maipue)403Digitalia Hispánicauhttps://www.digitaliapublishing.com/a/80759/